00550nam a2200145 i 450000100060000000300090000600500170001500700030003200800410003510000420007624502030011826000340032171000260035585200230038122364ES-MaACL20250930063037.0t|021202s1920 sp ||||1| spa d1 aAlonso Cortés, Narciso, d1875-197213aEl primer traductor español del falso Ossian y los vallisoletanos del siglo XVIII b: discurso leído en el Ateneo de Valladolid en la apertura del curso de 1919-1920 / cNarciso Alonso Cortés. aValladolid : b[s.n., c1920]2 aAteneo de Valladolid. aES-MaACLj1584-F-1